000
00285nam a22001217a 4500
008
170131b xxu||||| |||| 00| 0 eng d
041
_a
eng
080
_2
24TH
_a
61
100
_a
3
101
_a
shm
245
_a
ILLUSTRATED STEDMAN'S MEDICAL DICTIONARY
_c
STEDMAN, TH.L
942
_2
udc
_c
BK
999
_c
4124
_d
4124